It looks like you're offline.
Open Library logo
additional options menu

MARC Record from marc_openlibraries_phillipsacademy

Record ID marc_openlibraries_phillipsacademy/PANO_FOR_IA_05072019.mrc:54929726:1028
Source marc_openlibraries_phillipsacademy
Download Link /show-records/marc_openlibraries_phillipsacademy/PANO_FOR_IA_05072019.mrc:54929726:1028?format=raw

LEADER: 01028cam a2200325 a 4500
001 2136575
003 NOBLE
005 20131001175747.0
008 940528s1993 enk 000 0 eng d
010 $a94103754
020 $a0571169341 (pbk.) :
020 $a9780571169344
035 $a(OCoLC)28290150
040 $aInU$cDLC$dIUL$dUKM$dNYP$dPIT$dUOK
042 $alccopycat
049 $aPANA
050 00 $aPR6069.T6$bA84 1993
082 00 $a822/.914$220
092 $a822$bSt7ar
100 1 $aStoppard, Tom.$0(NOBLE)34874
245 10 $aArcadia /$cTom Stoppard.
260 $aLondon, Eng. ;$aBoston, Mass. :$bFaber and Faber,$c1993.
300 $a97 p. ;$c20 cm.
500 $aA play.
650 0 $aEnglish drama$y20th century.$0(NOBLE)5936
902 $a120315
919 4 $a31867000807979
998 $b2$c031205$d3$e1$f-$g0
901 $a2136575$bIII$c2136575$tbiblio
852 4 $agaaagpl$bPANO$bPANO$cStacks 3 (in Storage)$j822 ST7AR$gbook$p31867000807979$y15.00$t2$xnonreference$xholdable$xcirculating$xvisible$zAvailable